| Tag |
First Indicator |
Second Indicator |
Subfields |
| LEADER |
00000cam a22000001a 4500 |
| 001 |
in00003663371 |
| 005 |
20190408174650.0 |
| 006 |
m o d f |
| 007 |
cr bn mmmapmmp |
| 008 |
040322s1921 dcu o f000 0 eng d |
| 035 |
|
|
|a ebd1910201824
|
| 040 |
|
|
|a UMI
|c UMI
|d UtOrBLW
|
| 086 |
0 |
|
|a C 13.8:193
|
| 099 |
|
|
|a C13.8-193
|
| 245 |
0 |
0 |
|a Design of atmospheric gas burners.
|
| 264 |
|
1 |
|a [Washington?] :
|b U.S. Government Printing Office,
|c 1921.
|
| 300 |
|
|
|a 1 online resource (62 pages)
|
| 336 |
|
|
|a text
|b txt
|2 rdacontent
|
| 337 |
|
|
|a computer
|b c
|2 rdamedia
|
| 338 |
|
|
|a online resource
|b cr
|2 rdacarrier
|
| 490 |
0 |
|
|a Technologic Papers No. 193
|
| 500 |
|
|
|a [On factors affecting burner efficiency, with data from experiments]
|
| 500 |
|
|
|a Record is based on bibliographic data in ProQuest U.S. Executive Branch Documents, 1910-1932. Reuse except for individual research requires license from ProQuest, LLC.
|
| 533 |
|
|
|a Electronic reproduction.
|b [Bethesda, Md.] :
|c ProQuest,
|d 2012.
|e digital, PDF file.
|n ProQuest U.S. Executive Branch Documents, 1910-1932.
|n Mode of access: World Wide Web via ProQuest website.
|
| 538 |
|
|
|a System requirements: PDF reader software.
|
| 500 |
|
|
|a Electronic resource.
|
| 650 |
|
0 |
|a Gas-burners.
|0 http://id.loc.gov/authorities/subjects/sh85053275
|
| 655 |
|
7 |
|a Electronic books.
|2 local
|
| 700 |
1 |
|
|a Berry, Walter Matho,
|d 1883-
|
| 700 |
1 |
|
|a Brumbaugh, Isaac Vernon,
|d 1891-
|
| 700 |
1 |
|
|a Moulton, G. F.
|
| 700 |
1 |
|
|a Shawn, G. B.
|
| 776 |
1 |
8 |
|i Microfiche version:
|t Design of atmospheric gas burners
|o CIS US Exec MF C13.8-193
|w (ProQuest)cis19121521
|
| 856 |
4 |
0 |
|u http://proxy.library.tamu.edu/login?url=http://congressional.proquest.com/congressional/docview/t66.d71.c13.8-193
|z Connect to the full text of this electronic document
|t 0
|
| 999 |
f |
f |
|s 6d3c7ce7-6342-3ead-860f-c92b0f826c7e
|i a7fcf066-ba5f-3eaf-99b5-75c41fa1a836
|t 0
|
| 952 |
f |
f |
|a Texas A&M University
|b College Station
|c Electronic Resources
|d Available Online
|t 0
|h No information provided
|
| 998 |
f |
f |
|t 0
|l Available Online
|